Feast for 10 / (Record no. 2159)

MARC details
000 -LEADER
fixed length control field 00902pam a2200301 a 4500
005 - DATE AND TIME OF LATEST TRANSACTION
control field 20260304090355.0
020 ## - INTERNATIONAL STANDARD BOOK NUMBER
International Standard Book Number 0395620376 :
Terms of availability 14.95
020 ## - INTERNATIONAL STANDARD BOOK NUMBER
International Standard Book Number 9780590484664
020 ## - INTERNATIONAL STANDARD BOOK NUMBER
International Standard Book Number 9780395720813
040 ## - CATALOGING SOURCE
Original cataloging agency DLC
Transcribing agency DLC
Modifying agency DLC
Language of cataloging eng
050 00 - LIBRARY OF CONGRESS CALL NUMBER
Classification number PZ7.F198
Item number Fe 1993
082 00 - DEWEY DECIMAL CLASSIFICATION NUMBER
Classification number 513.2
Edition number 20
100 1# - MAIN ENTRY--PERSONAL NAME
Personal name Falwell, Cathryn
245 10 - TITLE STATEMENT
Title Feast for 10 /
Statement of responsibility, etc. Cathryn Falwell.
260 ## - PUBLICATION, DISTRIBUTION, ETC.
Place of publication, distribution, etc. New York :
Name of publisher, distributor, etc. Scholastic,
Date of publication, distribution, etc. 1993
300 ## - PHYSICAL DESCRIPTION
Extent 32 pages :
Other physical details Illustrations
Dimensions 28 cm
505 ## - FORMATTED CONTENTS NOTE
Formatted contents note J
520 ## - SUMMARY, ETC.
Summary, etc. Numbers from one to ten are used to tell how members of a family shop and work together to prepare a meal.
521 ## - TARGET AUDIENCE NOTE
Target audience note 500
Source Lexile estimate
521 ## - TARGET AUDIENCE NOTE
Target audience note J
Source Raz-Plus
650 #1 - SUBJECT ADDED ENTRY--TOPICAL TERM
Topical term or geographic name entry element Counting.
650 #1 - SUBJECT ADDED ENTRY--TOPICAL TERM
Topical term or geographic name entry element African Americans
Form subdivision Fiction.
650 #1 - SUBJECT ADDED ENTRY--TOPICAL TERM
Topical term or geographic name entry element Cooking
Form subdivision Fiction.
650 #1 - SUBJECT ADDED ENTRY--TOPICAL TERM
Topical term or geographic name entry element Family life
Form subdivision Fiction.
906 ## - LOCAL DATA ELEMENT F, LDF (RLIN)
a 7
b cbc
c orignew
d 1
e ocip
f 19
g y-gencatlg
942 ## - ADDED ENTRY ELEMENTS (KOHA)
Source of classification or shelving scheme Dewey Decimal Classification
Koha item type Books
Suppress in OPAC No
999 ## -
-- 2159
-- 2159
Holdings
Withdrawn status Lost status Source of classification or shelving scheme Damaged status Not for loan Collection Home library Current library Shelving location Date acquired Total Checkouts Full call number Barcode Date last seen Date last checked out Copy number Price effective from Koha item type
    Dewey Decimal Classification     Juvenile Fiction Footprints International School Library Network Toul Kork Campus Footprints International School Library Network Toul Kork Campus TK Primary Library Room(4th Floor), Bookcase 1&2, Shelves 1-16, Dark Blue Books 11/08/2023 3 FAL 513.2 PZ7.F198 FISTK02483 06/04/2025 04/02/2025 1 11/08/2023 Books
    Dewey Decimal Classification     Juvenile Fiction Footprints International School Library Network Toul Tom Poung Campus Footprints International School Library Network Toul Tom Poung Campus TTP Primary Dark Blue Bookshelves 03/04/2026   FAL 513.2 PZ7.F198 FIS03771 03/04/2026   2 03/04/2026 Books